| 000 | 00602nam a2200193 i 4500 | ||
|---|---|---|---|
| 001 | 100467 | ||
| 003 | ES-MaACL | ||
| 005 | 20250522202412.0 | ||
| 007 | t| | ||
| 008 | 050928s1973 sp ||||1| spa d | ||
| 100 | 1 |
_aMaslow, Abraham Harold. _978737 |
|
| 245 | 1 | 3 |
_aEl hombre autorrealizado _b: hacia una psicología del Ser / _cAbraham Maslow; [traducción Ramón Ribé]. |
| 250 | _a[1ª ed.]. | ||
| 260 |
_aBarcelona : _bKairós, _c1973. |
||
| 300 |
_a308 p. ; _c20 cm. |
||
| 700 | 1 |
_aRibé i Queralt, Ramon, _d1943- _996746 |
|
| 852 |
_aES-MaACL _jC-52563 _bR.85712 |
||
| 999 |
_c100467 _d100467 |
||